000
00316nam a2200121Ia 4500
008
230303s9999 xx 000 0 und d
041
_a
eng
082
_a
621.381501 BUR
100
_a
BURNS (STANLEY G.) BOND (PAUL R.)
245
_a
Principles of Electronic Circuits
260
_a
New Delhi
_b
GALGOTIA
365
_c
RS
999
_c
176495
_d
176495